000 00380nam a2200157Ia 4500
008 230524s9999 xx 000 0 und d
082 _a650
_bSRI
100 _aR.M.Srivastava
245 0 _aFinancial Management and Policy
250 _aIST
260 _aNEW DELHI
_bHimalaya
_c2000
300 _aXII;742
500 _aQuantity Number: 4
650 _aManagement
942 _cBK
999 _c40480
_d40480